Экономика/ Современная экономическая наука в понятиях и терминах: учебное пособие для старшеклассников и ст-тов пед. вузов

التفاصيل البيبلوغرافية
المؤلف الرئيسي: Василевский А. И. Альберт Исаакович
الملخص:Исключено из фонда НТБ ТПУ
اللغة:الروسية
منشور في: Ярославль, Академия развития, 1997
سلاسل:Школьный справочник
Сдадим экзамен на "отлично"
التنسيق: MixedMaterials كتاب
KOHA link:https://koha.lib.tpu.ru/cgi-bin/koha/opac-detail.pl?biblionumber=23226

MARC

LEADER 00000nam0a2200000 4500
001 23226
005 20231030195200.0
010 |a 5779700710 
035 |a (RuTPU)RU\TPU\book\23444 
035 |a BOOK00023516 
090 |a 23226 
100 |a 20011209d1997 m y0rusy50 ca 
101 0 |a rus 
102 |a RU 
105 |a a j 000zy 
200 1 |a Экономика/ Современная экономическая наука в понятиях и терминах  |e учебное пособие для старшеклассников и ст-тов пед. вузов  |f А. И. Василевский 
210 |a Ярославль  |c Академия развития  |d 1997 
215 |a 256 с.  |c ил. 
225 1 |a Школьный справочник 
225 1 |a Сдадим экзамен на "отлично" 
333 |a Исключено из фонда НТБ ТПУ 
700 1 |a Василевский  |b А. И.  |g Альберт Исаакович 
801 0 |a RU  |b 63413507  |c 20011209  |g PSBO 
801 2 |a RU  |b 63413507  |c 20120618  |g PSBO 
900 |a Экономика 
942 |c BK